[Event "Wch Amateurs U2000"]
[Site "Rhodes"]
[Date "2024.10.30"]
[Round "4"]
[White "Asilkefeli, Hasan"]
[Black "Asilkefeli, Metin"]
[Result "1/2-1/2"]
[WhiteElo "1728"]
[BlackElo "1933"]
[PlyCount "27"]
[EventDate "2024.10.27"]
[EventType "swiss"]
[EventRounds "9"]
[EventCountry "GRE"]
[SourceTitle "CB45_2024"]
[Source "ChessBase"]
[SourceDate "2024.11.06"]
[SourceVersion "1"]
[SourceVersionDate "2024.11.06"]
[SourceQuality "1"]

1. e4 e5 2. Nf3 Nc6 3. Bb5 a6 4. Ba4 Nf6 5. 0-0 Be7 6. Re1 b5 7. Bb3 d6 8. h3 0-0 9. c3 Re8 10. Ng5 Rf8 11. Nf3 Re8 12. Ng5 Rf8 13. Nf3 Re8 14. Ng5 1/2-1/2

[Event "TUR-ch Seniors 50"]
[Site "Ankara"]
[Date "2023.05.24"]
[Round "6"]
[White "Karadag, Eflatun Cem"]
[Black "Asilkefeli, Hasan"]
[Result "1/2-1/2"]
[WhiteElo "1692"]
[BlackElo "1574"]
[PlyCount "95"]
[EventDate "2023.05.19"]
[EventType "swiss"]
[EventRounds "9"]
[EventCountry "TUR"]
[SourceTitle "CBM 214 Extra"]
[Source "ChessBase"]
[SourceDate "2023.07.31"]
[SourceVersion "1"]
[SourceVersionDate "2023.07.31"]
[SourceQuality "1"]

1. b4 e5 2. Bb2 Bxb4 3. Bxe5 Nf6 4. c4 0-0 5. Nf3 Nc6 6. Bb2 d5 7. e3 Be6 8. cxd5 Nxd5 9. Be2 Re8 10. 0-0 Be7 11. d4 Bf6 12. Nbd2 Bf5 13. a3 Rxe3 14. fxe3 Nxe3 15. Qb3 Nxf1 16. Kxf1 Nxd4 17. Nxd4 Bxd4 18. Bxd4 Qxd4 19. Rd1 Qf6 20. Bf3 Rd8 21. Nc4 Rxd1+ 22. Qxd1 h6 23. Ne3 Be4 24. Kg1 Bxf3 25. Qxf3 Qxf3 26. gxf3 b5 27. Kf2 Kf8 28. Ke2 Ke7 29. Kd3 c5 30. Ke4 Ke6 31. f4 a5 32. f5+ Kd6 33. h4 a4 34. Nd5 f6 35. h5 Kc6 36. Nf4 b4 37. Kd3 Kb5 38. Ne6 bxa3 39. Kc3 a2 40. Kb2 Kb4 41. Kxa2 c4 42. Nxg7 Kc3 43. Ne8 Kd3 44. Nxf6 c3 45. Nd5 c2 46. Nb4+ Ke4 47. Nxc2 Kxf5 48. Ne3+ 1/2-1/2

[Event "TUR-ch Seniors 50"]
[Site "Ankara"]
[Date "2023.05.21"]
[Round "3"]
[White "Asilkefeli, Hasan"]
[Black "Nuhoglu, Fatih Sinan"]
[Result "1-0"]
[WhiteElo "1574"]
[BlackElo "1449"]
[PlyCount "77"]
[EventDate "2023.05.19"]
[EventType "swiss"]
[EventRounds "9"]
[EventCountry "TUR"]
[SourceTitle "CBM 214 Extra"]
[Source "ChessBase"]
[SourceDate "2023.07.31"]
[SourceVersion "1"]
[SourceVersionDate "2023.07.31"]
[SourceQuality "1"]

1. d4 e5 2. dxe5 d6 3. Nf3 Nc6 4. e4 Bg4 5. Bc4 Nxe5 6. Nxe5 Bxd1 7. Bxf7+ Ke7 8. Bxg8 Rxg8 9. Bg5+ Ke8 10. Bxd8 Rxd8 11. Nc6 Bxc2 12. Nxd8 Be7 13. Ne6 Kd7 14. Nd4 Bxe4 15. f3 Bg6 16. Nc3 Bf6 17. Rd1 c6 18. Kf2 a6 19. f4 c5 20. Nf3 Kc6 21. Nd5 Rf8 22. Nxf6 Rxf6 23. Rhe1 Bf7 24. a3 Rxf4 25. Re7 h6 26. Ke3 g5 27. g3 Rf6 28. Rf1 Re6+ 29. Rxe6 Bxe6 30. Nd2 h5 31. Ne4 d5 32. Nxg5 d4+ 33. Ke4 Bc4 34. Rf6+ Kb5 35. Nf3 Bb3 36. Nd2 Bd1 37. Kd5 b6 38. Nc4 Ka4 39. Rxb6 1-0

[Event "TUR-ch Seniors 50"]
[Site "Ankara"]
[Date "2023.05.20"]
[Round "2"]
[White "Basaran, Cahit"]
[Black "Asilkefeli, Hasan"]
[Result "1-0"]
[WhiteElo "1719"]
[BlackElo "1574"]
[PlyCount "55"]
[EventDate "2023.05.19"]
[EventType "swiss"]
[EventRounds "9"]
[EventCountry "TUR"]
[SourceTitle "CBM 214 Extra"]
[Source "ChessBase"]
[SourceDate "2023.07.31"]
[SourceVersion "1"]
[SourceVersionDate "2023.07.31"]
[SourceQuality "1"]

1. e4 c5 2. Nf3 Nc6 3. d4 cxd4 4. Nxd4 Nf6 5. Nc3 e5 6. Ndb5 d6 7. Bg5 a6 8. Na3 b5 9. Nd5 Be7 10. Nxe7 Nxe7 11. Bd3 Ng6 12. 0-0 h6 13. Bd2 Bg4 14. Qe1 Nh5 15. f3 Be6 16. g3 Rc8 17. Qe2 Qd7 18. c4 b4 19. Bxb4 Nhf4 20. gxf4 Nxf4 21. Qe3 Bh3 22. Rfd1 Qe7 23. Qf2 Bg2 24. Qg3 Qa7+ 25. c5 Rxc5 26. h4 Rc2+ 27. Kh2 Bxf3+ 28. Nxc2 1-0

[Event "TUR-ch"]
[Site "Kemer"]
[Date "2011.02.11"]
[Round "8"]
[White "Buker, Muhittin"]
[Black "Asilkefeli, Hasan"]
[Result "1-0"]
[WhiteElo "2087"]
[BlackElo "1982"]
[PlyCount "55"]
[EventDate "2011.02.05"]
[EventType "swiss"]
[EventRounds "10"]
[EventCountry "TUR"]
[SourceTitle "CBM 140 Extra"]
[Source "ChessBase"]
[SourceDate "2011.03.01"]
[SourceVersion "1"]
[SourceVersionDate "2011.03.01"]
[SourceQuality "1"]

1. d4 Nf6 2. c4 e6 3. Nf3 d5 4. e3 c5 5. Nc3 Nc6 6. Bd3 dxc4 7. Bxc4 Be7 8. 0-0 0-0 9. a3 Nd5 10. Bxd5 exd5 11. dxc5 Be6 12. b4 Bf6 13. Bb2 a5 14. b5 Ne5 15. Nxe5 Bxe5 16. Na4 Bc7 17. b6 Bb8 18. Qd4 f6 19. f4 Qe8 20. Rad1 Qh5 21. Rd2 Re8 22. Nc3 Kf7 23. Rf3 Rd8 24. h3 Qg6 25. g4 f5 26. Rg2 Qf6 27. gxf5 Qxd4 28. fxe6+ 1-0

[Event "TUR-ch"]
[Site "Kemer"]
[Date "2011.02.10"]
[Round "7"]
[White "Asilkefeli, Hasan"]
[Black "Ilcin, Murat Veysi"]
[Result "1-0"]
[WhiteElo "1982"]
[BlackElo "1804"]
[PlyCount "67"]
[EventDate "2011.02.05"]
[EventType "swiss"]
[EventRounds "10"]
[EventCountry "TUR"]
[SourceTitle "CBM 140 Extra"]
[Source "ChessBase"]
[SourceDate "2011.03.01"]
[SourceVersion "1"]
[SourceVersionDate "2011.03.01"]
[SourceQuality "1"]

1. d4 d5 2. Nf3 Nf6 3. g3 e6 4. Bg2 Bd6 5. 0-0 0-0 6. b3 Ne4 7. Bb2 c6 8. c4 Nd7 9. Nfd2 f5 10. Qe1 Qe7 11. f3 Nef6 12. e4 fxe4 13. fxe4 Bc7 14. exd5 cxd5 15. cxd5 e5 16. Nc4 Bd6 17. Nxd6 Qxd6 18. dxe5 Qc5+ 19. Qf2 Ng4 20. Qxc5 Nxc5 21. Rxf8+ Kxf8 22. Ba3 b6 23. e6 Ne3 24. Nc3 Ke8 25. Bxc5 bxc5 26. Nb5 Nxg2 27. Nc7+ Kd8 28. Nxa8 Ne3 29. e7+ Kxe7 30. Re1 Bb7 31. Nc7 Kd7 32. Rxe3 Kxc7 33. Re7+ Kb6 34. d6 1-0

[Event "TUR-ch"]
[Site "Kemer"]
[Date "2011.02.07"]
[Round "4"]
[White "Kutlu, Turgut Can"]
[Black "Asilkefeli, Hasan"]
[Result "0-1"]
[WhiteElo "1662"]
[BlackElo "1982"]
[PlyCount "80"]
[EventDate "2011.02.05"]
[EventType "swiss"]
[EventRounds "10"]
[EventCountry "TUR"]
[SourceTitle "CBM 140 Extra"]
[Source "ChessBase"]
[SourceDate "2011.03.01"]
[SourceVersion "1"]
[SourceVersionDate "2011.03.01"]
[SourceQuality "1"]

1. c4 Nf6 2. Nc3 g6 3. Nf3 Bg7 4. g3 0-0 5. Bg2 c5 6. 0-0 Nc6 7. d3 b6 8. Bf4 Bb7 9. Qd2 Re8 10. h3 d6 11. Bh6 Bh8 12. Rfe1 Qd7 13. e4 Rad8 14. Rad1 Nh5 15. Ne2 Ng7 16. d4 cxd4 17. Nexd4 Ne5 18. b3 Ne6 19. Nxe6 Nxf3+ 20. Bxf3 Qxe6 21. Bg4 Qe5 22. Bf4 Qc3 23. Qxc3 Bxc3 24. Bd2 Bg7 25. h4 Bxe4 26. Rxe4 f5 27. Bxf5 gxf5 28. Re6 Kf7 29. Rde1 Be5 30. Rh6 Kg7 31. Bg5 Rc8 32. f4 Bf6 33. Re6 b5 34. cxb5 Rc2 35. a4 Rec8 36. Kf1 Rh2 37. Kg1 Rcc2 38. Bxf6+ exf6 39. Rhxf6 Rhd2 40. Re1 Kxf6 0-1